| 000 | 01934cam a22003854a 4500 | ||
|---|---|---|---|
| 001 | 13465961 | ||
| 003 | OSt | ||
| 005 | 20230202030104.0 | ||
| 008 | 040122s2004 nyua b 001 0 eng | ||
| 010 | _a 2004001414 | ||
| 020 | _a0316738220 | ||
| 040 |
_cMMU _aMMU _beng _dMMU |
||
| 042 | _apcc | ||
| 050 | 0 | 0 |
_aRJ250 _b.P723 2004 |
| 082 | 0 | 0 |
_a618.92/011 _222 |
| 245 | 0 | 4 |
_aThe premature baby book : _beverything you need to know about your premature baby from birth to age one / _cWilliam Sears ... [et al.]. |
| 250 | _a1st ed. | ||
| 260 |
_aNew York : _bLittle, Brown and Company, _cc2004. |
||
| 300 |
_ax, 244 p. : _bill. ; _c23 cm. |
||
| 490 | 1 | _aSears parenting library | |
| 500 | _a"Resources": p. 235-236. | ||
| 500 | _aIncludes index. | ||
| 505 | 0 | _aThe first day: top 10 questions about premature babies -- Navigating the NICU -- Neonatology 101: a primer for parents of preemies -- Working through your fears and feelings -- Helping your baby grow in the hospital -- Mother's milk: the perfect food for preemies -- Feeding your preemie at the breast: the how to's -- Bottlefeeding your preemie -- Homecoming -- Developing a parenting style that's best for preemies -- Common concerns during the first year -- Medical challenges for the premature baby. | |
| 650 | 0 | _aPremature infants | |
| 650 | 0 |
_aPremature infants _xCare. |
|
| 650 | 0 | _aParent and infant. | |
| 650 | 0 | _aParent and child. | |
| 700 | 1 |
_aSears, William, _cM.D. |
|
| 800 | 1 |
_aSears, William, _cM.D. _tSears parenting library. |
|
| 856 | 4 | 1 |
_3Table of contents _uhttp://www.loc.gov/catdir/toc/ecip0413/2004001414.html |
| 856 | 4 | 2 |
_3Publisher description _uhttp://www.loc.gov/catdir/enhancements/fy0914/2004001414-d.html |
| 906 |
_a7 _bcbc _corignew _d1 _eecip _f20 _gy-gencatlg |
||
| 942 |
_2lcc _cLOAN LOAN |
||
| 999 |
_c16281 _d16281 |
||